| 000 | 00985nam a2200301 i 4500 | ||
|---|---|---|---|
| 001 | 000016246 | ||
| 003 | DO-SdBNP | ||
| 005 | 20250715103658.0 | ||
| 007 | ta | ||
| 008 | 100301s1950 sp 000 e spa d | ||
| 040 |
_aDO-SdBNP _bspa _cBNPHU _erda |
||
| 041 | _aspa | ||
| 082 | 4 |
_a864.5 _bL333ar _222 |
|
| 100 | 1 |
_aLarra, Mariano José de, _d1809-1837 _eautor _98739 _4aut. |
|
| 245 | 1 | 0 |
_aArtículos de crítica Literaria y Artística / _cLarra; prólogo y notas de José R. Lomba y Pedraja. |
| 264 |
_aMadrid : _bEspasa-Calpe, _c1950. |
||
| 300 |
_avolumen ; _c18 cm. |
||
| 336 |
_atexto _btxt _2rdacontent |
||
| 337 |
_asin mediación _bn _2rdamedia |
||
| 338 |
_avolumen _bnc _2rdacarrier |
||
| 490 | 0 |
_aClásicos castellanos ; _v52 |
|
| 500 | _aIncluye notas al pie de las páginas. | ||
| 650 | 4 |
_aEnsayos españoles _93095 |
|
| 650 | 4 |
_aLiteratura española _9632 |
|
| 700 | 1 |
_aLomba y Pedraja, José R., _eprologuista _936300 _4pr. |
|
| 910 | _aWM | ||
| 942 |
_2ddc _cLBS1 |
||
| 999 |
_c15783 _d15783 |
||